000 00322 a2200157 4500
001 169245
020 _a
040 _cMagnum
100 _aRizzo, Gilda
240 1 0 _aAlfabetizacao natural
_lpor
245 1 0 _aAlfabetizacao natural
362 0 _a1899
440 1 _aBertrand Brasil
697 _aENSINO
942 _cBK
999 _c169245
_d169245